00728nam a2200193Ia 4500001001000000003000500010008004100015010001100056040000900067100003100076245019600107260003500303300001000338502008700348650001200435650002100447650001300468710005300481Para_1329CHAP220125s1998 xx 000 0 und d a200037 cCHAP aVidrio Betancourt, Armando aIdentificación de ácaros asociados al cultivo de gerbera (Gerbera jamesonii H. Bolus), en los municipios de Villa Guerrero y Texcoco, Estado de México /c por Armando Vidrio Betancourt aChapingo, Méx. :b El autor a88 h. aTesis (Ing. Agr. Esp. en Parasitología Agrícola), UACh. Depto. Parasitología aAcaros  aFlores x plagas aGerbera  aUACh. Departamento de Parasitología Agrícola